Theorie des Klassenkampfs - Handelspolitik - Währungsfrage : Verhandlungen des Vereins Für Sozialpolitik in Stuttgart, 24. -26. September 1924. Auf Grund der Stenographischen Niederschrift Hrsg. Vom Vorstand. (Schriften des Vereins Für Sozialpolitik 170).

Bibliographic Details
Main Author: Socialpolitik, Verein für.
Format: eBook
Language:German
Published: Berlin : Duncker & Humblot, 2015.
Edition:1st ed.
Series:Duncker and Humblot Reprints Series
Subjects:
Online Access:Click to View
LEADER 02816nam a22003853i 4500
001 EBC7101411
003 MiAaPQ
005 20240729202204.0
006 m o d |
007 cr cnu||||||||
008 240729s2015 xx o ||||0 ger d
020 |a 9783428575008  |q (electronic bk.) 
020 |z 9783428175000 
035 |a (MiAaPQ)EBC7101411 
035 |a (Au-PeEL)EBL7101411 
035 |a (OCoLC)1348483628 
040 |a MiAaPQ  |b eng  |e rda  |e pn  |c MiAaPQ  |d MiAaPQ 
100 1 |a Socialpolitik, Verein für. 
245 1 0 |a Theorie des Klassenkampfs - Handelspolitik - Währungsfrage :  |b Verhandlungen des Vereins Für Sozialpolitik in Stuttgart, 24. -26. September 1924. Auf Grund der Stenographischen Niederschrift Hrsg. Vom Vorstand. (Schriften des Vereins Für Sozialpolitik 170). 
250 |a 1st ed. 
264 1 |a Berlin :  |b Duncker & Humblot,  |c 2015. 
264 4 |c {copy}1925. 
300 |a 1 online resource (335 pages) 
336 |a text  |b txt  |2 rdacontent 
337 |a computer  |b c  |2 rdamedia 
338 |a online resource  |b cr  |2 rdacarrier 
490 1 |a Duncker and Humblot Reprints Series 
505 0 |a Intro -- Inhaltsverzeichnis -- Erster Verhandlungstag -- Eröffnung und Begrüßung -- Referat von Werner Sombart: Die Idee des Klassenkampfes -- Allgemeine Aussprache -- Zweiter Verhandlungstag -- Referat von Franz Eulenburg: Die sozialen Wirkungen der Währungsverhältnisse -- Allgemeine Aussprache -- Grundfragen der neuen deutschen Handelspolitik -- Erstes Referat von Max Sering -- Zweites Referat von Christian Eckert -- Drittes Referat von Bernhard Harms -- Viertes Referat von Georg Gothein -- Dritter Verhandlungstag. Fortsetzung der Verhandlungen über Handelspolitik -- Allgemeine Aussprache -- Verhandlungen über die theoretische und ökonomisch-technische Seite des Währungsproblems -- Erstes Referat von Felix Somary -- Zweites Referat von Melchior Palyi -- Drittes Referat von L. v. Bortkiewicz: Die Ursachen einer potenzierten Wirkung des vermehrten Geldumlaufs auf das Preisniveau -- Allgemeine Aussprache -- Schlußwort des Vereinsvorsitzenden Herkner -- Geschäftliche Verhandlungen und Beschlüsse. 
588 |a Description based on publisher supplied metadata and other sources. 
590 |a Electronic reproduction. Ann Arbor, Michigan : ProQuest Ebook Central, 2024. Available via World Wide Web. Access may be limited to ProQuest Ebook Central affiliated libraries.  
655 4 |a Electronic books. 
776 0 8 |i Print version:  |a Socialpolitik, Verein für  |t Theorie des Klassenkampfs - Handelspolitik - Währungsfrage  |d Berlin : Duncker & Humblot,c2015  |z 9783428175000 
797 2 |a ProQuest (Firm) 
830 0 |a Duncker and Humblot Reprints Series 
856 4 0 |u https://ebookcentral.proquest.com/lib/matrademy/detail.action?docID=7101411  |z Click to View